| 000 | 00668cab a2200241 4500 | ||
|---|---|---|---|
| 001 | WB3317-27 | ||
| 008 | 090401t1997 xxu||||| |||| 00| 0 eng d | ||
| 035 | _a(Sirsi) u78060 | ||
| 041 | _aeng | ||
| 245 | _aWorth of a swimming pool | ||
| 260 | _c1997 | ||
| 350 | _a0 | ||
| 490 |
_aIndependent _v(Long Weekend) 26 April 1997, 23(1) |
||
| 520 | _aDiscusses the pros and cons of having a swimming pool on a residential property. | ||
| 650 | _aHOUSE PURCHASE | ||
| 650 | _aSPATA | ||
| 650 | _aSWIMMING POOL ALLIED TRADE ASSOCIATION | ||
| 650 | _aSWIMMING POOLS | ||
| 650 | _aVALUE | ||
| 690 | _aLEISURE AND RECREATION | ||
| 942 | _n0 | ||
| 948 | _c29/04/1997 | ||
| 999 |
_c49114 _d49114 |
||